| 000 | 01506nam a2200409Ii 4500 | ||
|---|---|---|---|
| 001 | DIGRILEDIT0399 | ||
| 003 | NyNyDIG | ||
| 006 | m o d | ||
| 007 | cr ||||||||||| | ||
| 008 | 170127s2012 cl o 000 0 spa d | ||
| 020 |
_a1449284825 _q(eBook) |
||
| 020 |
_a9781449284824 _q(eBook) |
||
| 020 | _z9562848507 | ||
| 020 | _z9789562848503 | ||
| 035 | _a(OCoLC)847598682 | ||
| 040 |
_aDGITA _beng _erda _epn _cDGITA |
||
| 050 | 1 | 4 | _aR733 ebook |
| 082 | 0 | 4 | _a615.5 |
| 100 | 1 |
_aScaramelli, Alvaro, _eauthor. |
|
| 245 | 1 | 3 |
_aLa evolución de la conciencia : _bdónde estoy y hacia dónde voy / _cÁlvaro Scaramelli. |
| 264 | 1 |
_aProvidencia, Santiago de Chile : _bRiL editores, _c[2012] |
|
| 300 | _a1 online resource. | ||
| 336 |
_atext _btxt _2rdacontent |
||
| 337 |
_acomputer _bc _2rdamedia |
||
| 338 |
_aonline resource _bcr _2rdacarrier |
||
| 500 | _a"Bibliodiversidad." | ||
| 588 | 0 | _aOnline resource; title from PDF title page (Digitalia, viewed January 27, 2017) | |
| 650 | 0 | _aHolistic medicine. | |
| 650 | 0 | _aMind and body. | |
| 655 | 0 | _aElectronic books. | |
| 776 | 0 | 8 |
_iPrint version: _aScaramelli, Alvaro. _tEvolución de la conciencia. _bPrimera edición. _dProvidencia, Santiago de Chile : RiL editores, ©2012 _z9789562848503 |
| 791 | 2 |
_aDigitalia (Firm), _edistributor. |
|
| 793 | 0 |
_gDigitalia eBook Collection: _aRil Editores |
|
| 856 | 4 | 0 |
_3Digitalia Hispánica _uhttps://www.digitaliapublishing.com/a/19158/ |
| 910 | _aPremium collection: 2017 | ||
| 942 | _cRAA | ||
| 999 |
_c236294 _d236294 |
||